<?xml version="1.0" encoding="UTF-8"?>
<record
    xmlns:xsi="http://www.w3.org/2001/XMLSchema-instance"
    xsi:schemaLocation="http://www.loc.gov/MARC21/slim http://www.loc.gov/standards/marcxml/schema/MARC21slim.xsd"
    xmlns="http://www.loc.gov/MARC21/slim">

  <leader>02338nas1a22003491i 4500</leader>
  <controlfield tag="001">RU\NLR\INFOCOMM16\1000006148</controlfield>
  <controlfield tag="005">20240726092436.0</controlfield>
  <datafield tag="035" ind1=" " ind2=" ">
    <subfield code="a">(NLR Aleph) 002646935</subfield>
  </datafield>
  <datafield tag="090" ind1=" " ind2=" ">
    <subfield code="a">3835662</subfield>
    <subfield code="c">3835662</subfield>
  </datafield>
  <datafield tag="100" ind1=" " ind2=" ">
    <subfield code="a">20031229b19571960|||y0rusy50      ca</subfield>
  </datafield>
  <datafield tag="101" ind1="0" ind2=" ">
    <subfield code="a">rus</subfield>
  </datafield>
  <datafield tag="102" ind1=" " ind2=" ">
    <subfield code="a">RU</subfield>
  </datafield>
  <datafield tag="110" ind1=" " ind2=" ">
    <subfield code="a">zyu||||0|y0</subfield>
  </datafield>
  <datafield tag="200" ind1="1" ind2=" ">
    <subfield code="a">&#x412; &#x43F;&#x43E;&#x43C;&#x43E;&#x449;&#x44C; &#x443;&#x447;&#x438;&#x442;&#x435;&#x43B;&#x44E;</subfield>
    <subfield code="f">&#x41A;&#x443;&#x439;&#x431;&#x44B;&#x448;&#x435;&#x432;&#x441;&#x43A;&#x438;&#x439; &#x433;&#x43E;&#x441;.&#x43F;&#x435;&#x434;.&#x438;&#x43D;-&#x442; &#x438;&#x43C;.&#x412;.&#x412;.&#x41A;&#x443;&#x439;&#x431;&#x44B;&#x448;&#x435;&#x432;&#x430;</subfield>
  </datafield>
  <datafield tag="207" ind1=" " ind2="1">
    <subfield code="a">&#x412;&#x44B;&#x43F;.1-8</subfield>
  </datafield>
  <datafield tag="210" ind1=" " ind2=" ">
    <subfield code="a">&#x41A;&#x443;&#x439;&#x431;&#x44B;&#x448;&#x435;&#x432;</subfield>
    <subfield code="d">1957-1960</subfield>
  </datafield>
  <datafield tag="300" ind1=" " ind2=" ">
    <subfield code="a">&#x41F;&#x43E;&#x441;&#x43B;&#x435; &#x432;&#x44B;&#x43F;.8(1960) &#x438;&#x437;&#x434;.&#x43D;&#x435; &#x43D;&#x443;&#x43C;&#x435;&#x440;&#x443;&#x435;&#x442;&#x441;&#x44F;, &#x432;&#x44B;&#x445;&#x43E;&#x434;&#x438;&#x442; &#x43F;&#x43E;&#x434; &#x440;&#x430;&#x437;&#x43D;&#x44B;&#x43C;&#x438; &#x43D;&#x430;&#x437;&#x432;.</subfield>
  </datafield>
  <datafield tag="801" ind1=" " ind2="1">
    <subfield code="a">RU</subfield>
    <subfield code="b">InfoComm</subfield>
    <subfield code="c">20031229</subfield>
  </datafield>
  <datafield tag="801" ind1=" " ind2="0">
    <subfield code="a">RU</subfield>
    <subfield code="b">NLR</subfield>
    <subfield code="g">PSBO</subfield>
  </datafield>
  <datafield tag="852" ind1=" " ind2=" ">
    <subfield code="a">NLR</subfield>
    <subfield code="j">&#x41F;28/818</subfield>
  </datafield>
  <datafield tag="942" ind1=" " ind2=" ">
    <subfield code="c">SE</subfield>
  </datafield>
  <datafield tag="980" ind1=" " ind2=" ">
    <subfield code="a">RUSPER</subfield>
  </datafield>
</record>
